000 01476cam a2200349 a 4500
999 _c26619
_d26619
001 2597647
003 OSt
005 20170206082943.0
008 970414s1998 enkab b 001 0 eng
010 _a 97019201
020 _a0521573386 (hc)
040 _aDLC
_cDLC
_dDLC
041 1 _aeng
_hita
043 _ae-it---
050 0 0 _aNA1121.V4
_bC65613 1998
082 0 0 _a720/.945/31
_221
100 1 _aConcina, Ennio.
240 1 0 _aStoria dell'architettura di Venezia.
_lEnglish
245 1 2 _aA history of Venetian architecture /
_cEnnio Concina ; translated by Judith Landry.
246 3 0 _aVenetian architecture
260 _aCambridge ;
_aNew York :
_bCambridge University Press,
_c1998.
300 _a356 p. :
_bill. (some col.), maps ;
_c25 cm.
504 _aIncludes bibliographical references (p. 339-347) and indexes.
650 0 _aArchitecture
_zItaly
_zVenice.
651 0 _aVenice (Italy)
_xBuildings, structures, etc.
856 4 1 _3Table of contents
_uhttp://www.loc.gov/catdir/toc/cam023/97019201.html
856 4 2 _3Publisher description
_uhttp://www.loc.gov/catdir/description/cam028/97019201.html
906 _a7
_bcbc
_corignew
_d1
_eocip
_f19
_gy-gencatlg
942 _2lcc
_cBOOKS
_hNA 1121 .V4C65613 1998